000 00650nam a2200265Ia 4500
003 OSt
005 20221005051415.0
006 a|||||r|||| 00| 0
007 ta
008 221004b |||||||| |||| 00| 0 eng d
024 _a68708
037 _cTextual
040 _aCRL
_cCRL
_beng
041 _2eng
_aeng
082 _aX:8N, N3
100 _aJefkins Frank
245 0 _aPlanned press and public relations
250 _a3rd
260 _aLondon
_bBlackie UK
_c1993
300 _a313p.
_ccm.
650 _a ECONOMICS
650 _aMANAGEMENT
942 _hX:8N, N3
_cTEXL
_2cc
999 _c958755
_d958755